Vývojové trendy elektronické logistiky

Trendy v elektronickej logistike optimalizujú logistické procesy presahujúce podnik. Transparentnosť informácií zlepší kontrolu v zásobovacom reťazci. Zdokonalenia v obchodných procesoch.

Na minha lista:
Detalhes bibliográficos
Formato: Capítulo de Livro
Idioma:tcheco
Assuntos:
Tags: Adicionar Tag
Sem tags, seja o primeiro a adicionar uma tag!

MARC

LEADER 00000naa a2200000 4500
001 r044511
005 20231003123529.0
041 0 |a cze 
044 |a CZ 
245 1 0 |a Vývojové trendy elektronické logistiky 
520 |a Trendy v elektronickej logistike optimalizujú logistické procesy presahujúce podnik. Transparentnosť informácií zlepší kontrolu v zásobovacom reťazci. Zdokonalenia v obchodných procesoch. 
610 2 0 |a logistika elektronická 
610 2 0 |a technológie informačné 
610 2 0 |a technológie komunikačné 
610 2 0 |a optimalizácia 
610 2 0 |a internet